Statistiques concernant Pays les moins devinés sur Jetpunk par continent

Cliquez ici pour prendre le quiz!

Statistiques générales

  • Ce quiz a été pris 1 693 fois
    (1 446 depuis la dernière actualisation)
  • Le résultat moyen est 19 sur 30

Statistiques - réponses

Continent%Pays% Correct
Amérique du Sud37%Guyana
83%
Amérique du Sud39%Suriname
82%
Europe32%Liechtenstein
78%
Amérique du Sud63%Paraguay
78%
Europe28%Saint-Marin
77%
Amérique du Sud63%Équateur
75%
Europe36%Kosovo
73%
Amérique du Nord20%Sainte-Lucie
72%
Amérique du Nord17%Saint-Vincent-et-les-Grenadines
72%
Amérique du Nord16%Saint-Christophe-et-Niévès
70%
Océanie16%Tuvalu
67%
Amérique du Sud63%Venezuela
67%
Océanie14%Nauru
66%
Asie19%Brunei
65%
Afrique24%Eswatini
65%
Europe39%Monténégro
63%
Afrique16%Sao Tomé-et-Principe
63%
Amérique du Nord17%Grenade
62%
Océanie14%Palaos
60%
Asie16%Timor Oriental
60%
Océanie15%Kiribati
59%
Amérique du Nord17%Antigua-et-Barbuda
58%
Europe39%Moldavie
58%
Afrique22%Comores
57%
Océanie16%Salomon
57%
Asie20%Bahreïn
56%
Afrique24%Malawi
47%
Asie23%Kirghizistan
45%
Asie24%Maldives
40%
Afrique24%Gambie
38%

Distribution des résultats

Percentile par nombre de réponses

% des personnes avec chaque résultat

Votre développement - résultats

Vous n’avez pas pris ce quiz depuis la dernière actualisation